[Event "I slightly prefer Romney to Obama"]
[Site "SchemingMind.com"]
[Date "2012.11.11"]
[Round "-"]
[White "fourluxflakes"]
[Black "aperturaf"]
[Result "0-1"]
[WhiteCountry "ENG"]
[BlackCountry "ESP"]
[WhiteElo "1951"]
[WhiteRD "89"]
[BlackElo "2329"]
[BlackRD "90"]
[GameID "320847"]

1. Nc3 d5 2. e4 d4 3. Nce2 c5 4. Nf3 Nc6 5. Ng3 h5 6. h4 Bg4 7. Be2 Qc7 8. Ng5 g6 9. Bxg4 hxg4 10. d3 Nf6
11. Bd2 Ne5 12. Qe2 c4 13. dxc4 Qxc4 14. Qxc4 Nxc4 15. O-O-O e5 16. f4 gxf3 17. Nxf3 Ng4 18. Rhf1 Rc8 19. Rde1 Nxd2 20. Kxd2 Bb4+
21. c3 dxc3+
0-1

[Event "I slightly prefer Romney to Obama"]
[Site "SchemingMind.com"]
[Date "2012.11.11"]
[Round "-"]
[White "fourluxflakes"]
[Black "aplek"]
[Result "0-1"]
[WhiteCountry "ENG"]
[BlackCountry "POL"]
[WhiteElo "1957"]
[WhiteRD "96"]
[BlackElo "2355"]
[BlackRD "112"]
[GameID "320848"]

1. Nc3 e6 2. e4 d5 3. d4 Nf6 4. e5 Nfd7 5. Nce2 c5 6. c3 Nc6 7. f4 Qb6 8. Nf3 f6 9. a3 Be7 10. b4 cxd4
11. cxd4 O-O 12. Nc3 fxe5 13. fxe5 Rxf3
0-1

[Event "I slightly prefer Romney to Obama"]
[Site "SchemingMind.com"]
[Date "2012.11.11"]
[Round "-"]
[White "fourluxflakes"]
[Black "mapleleaf"]
[Result "0-1"]
[WhiteCountry "ENG"]
[BlackCountry "CAN"]
[WhiteElo "1777"]
[WhiteRD "71"]
[BlackElo "1990"]
[BlackRD "91"]
[GameID "320849"]

1. Nc3 Nf6 2. e4 d5 3. e5 d4 4. Nce2 Ne4 5. c3 c5 6. cxd4 cxd4 7. Qa4+ Nc6 8. Nf3 Nc5 9. Qc4 Ne6 10. Ng3 g6
11. Qc2 Bg7 12. Bb5 Bd7 13. O-O Nxe5 14. Bxd7+ Nxd7 15. Re1 O-O 16. d3 h6 17. Bd2 Rc8 18. Qa4 a6 19. Qa3 Nc7 20. Bb4 Nb5
21. Qb3 Re8 22. a4 Na7 23. Nh4 e6
0-1

[Event "I slightly prefer Romney to Obama"]
[Site "SchemingMind.com"]
[Date "2012.11.11"]
[Round "-"]
[White "fourluxflakes"]
[Black "bereolos"]
[Result "0-1"]
[WhiteCountry "ENG"]
[BlackCountry "USA"]
[WhiteElo "1777"]
[WhiteRD "71"]
[BlackElo "2196"]
[BlackRD "93"]
[GameID "320850"]

1. Nc3 g6 2. e4 Bg7 3. d4 d6 4. f4 a6 5. Nf3 b5 6. Bd3 Nd7 7. O-O c5 8. dxc5 Nxc5 9. Be3 Bb7 10. Bd4 Bxd4+
11. Nxd4 Nf6 12. Qe2 b4 13. Nd5 Nxd5 14. exd5 Bxd5 15. Bc4 Bxc4 16. Qxc4 Qb6 17. Kh1 O-O 18. Rae1 e6
0-1

[Event "I slightly prefer Romney to Obama"]
[Site "SchemingMind.com"]
[Date "2012.11.11"]
[Round "-"]
[White "fourluxflakes"]
[Black "Adrian Grajczak"]
[Result "0-1"]
[WhiteCountry "ENG"]
[BlackCountry "POL"]
[WhiteElo "1777"]
[WhiteRD "71"]
[BlackElo "2087"]
[BlackRD "72"]
[GameID "320851"]

1. Nc3 d6 2. e4 Nf6 3. d4 e5 4. Nf3 Nbd7 5. Bc4 Be7 6. O-O O-O 7. Re1 c6 8. a4 b6 9. Ba2 a6 10. Be3 Rb8
11. h3 b5 12. axb5 axb5 13. Nd2 exd4 14. Bxd4 Bb7 15. Nf1 b4 16. Nb1 c5 17. Bxf6 Nxf6 18. Nbd2 d5
0-1

[Event "I slightly prefer Romney to Obama"]
[Site "SchemingMind.com"]
[Date "2012.11.11"]
[Round "-"]
[White "Ilang"]
[Black "fourluxflakes"]
[Result "1-0"]
[WhiteCountry "HUN"]
[BlackCountry "ENG"]
[WhiteElo "2362"]
[WhiteRD "68"]
[BlackElo "1957"]
[BlackRD "96"]
[GameID "320852"]

1. d4 c5 2. d5 f5 3. Nf3 Nf6 4. Nc3 d6 5. e4 fxe4 6. Bb5+ Nbd7 7. Ng5 a6 8. Be2 Ne5 9. Ncxe4 Bf5 10. Ng3 Bd7
11. f4 Ng6 12. Bh5 Qc8 13. Nxh7 Rxh7 14. Bxg6+ Kd8 15. Bd2 b6 16. Bxh7 Nxh7 17. c4 Nf6 18. O-O Qb7 19. b3 g6 20. Bc3 Bg7
21. Qc2 Be8 22. Rae1 Rc8 23. f5 g5 24. Ne4 Bd7 25. Nxg5
1-0

[Event "I slightly prefer Romney to Obama"]
[Site "SchemingMind.com"]
[Date "2012.11.11"]
[Round "-"]
[White "chesshub"]
[Black "fourluxflakes"]
[Result "1-0"]
[WhiteCountry "FRA"]
[BlackCountry "ENG"]
[WhiteElo "2436"]
[WhiteRD "75"]
[BlackElo "1951"]
[BlackRD "89"]
[GameID "320853"]

1. d4 c5 2. d5 f5 3. Nc3 Nf6 4. Nf3 d6 5. Ng5 e5 6. dxe6 d5 7. e3 Qd6 8. Nf7 Qxe6 9. Nxh8 Nc6 10. Nb5 Bd6
11. c4 d4 12. Bd3 a6 13. Bxf5 Qe7 14. Nxd6+ Qxd6 15. Bxh7 Nxh7 16. Qh5+
1-0

[Event "I slightly prefer Romney to Obama"]
[Site "SchemingMind.com"]
[Date "2012.11.11"]
[Round "-"]
[White "smothered mate"]
[Black "fourluxflakes"]
[Result "1-0"]
[WhiteCountry "POL"]
[BlackCountry "ENG"]
[WhiteElo "1979"]
[WhiteRD "59"]
[BlackElo "1777"]
[BlackRD "71"]
[GameID "320854"]

1. e4 Nf6 2. e5 Nd5 3. d4 d6 4. Nf3 Bg4 5. c4 Nb6 6. Be2 c6 7. Ng5 Bf5 8. e6 fxe6 9. g4 Bg6 10. Nxe6 Qc8
11. d5 cxd5 12. cxd5 Be4 13. O-O Bxd5 14. Nf4 Bf7 15. Nc3 Nc6 16. Be3 g6 17. Bxb6 axb6 18. Nfd5 Qd8 19. Nb5
1-0

[Event "I slightly prefer Romney to Obama"]
[Site "SchemingMind.com"]
[Date "2012.11.11"]
[Round "-"]
[White "aperturaf"]
[Black "fourluxflakes"]
[Result "1-0"]
[WhiteCountry "ESP"]
[BlackCountry "ENG"]
[WhiteElo "2329"]
[WhiteRD "90"]
[BlackElo "1951"]
[BlackRD "89"]
[GameID "320855"]

1. e4 Nf6 2. e5 Nd5 3. d4 d6 4. c4 Nb6 5. Nf3 Bg4 6. h3 Bxf3 7. Qxf3 Nc6 8. Be3 dxe5 9. dxe5 e6 10. Nc3 Bb4
11. Qg3 Qe7 12. Be2 O-O-O 13. O-O h6 14. Ne4 f5 15. exf6 gxf6 16. a3 Rhg8 17. Qf3 Ne5 18. Qxf6 Rxg2+ 19. Kxg2 Rg8+ 20. Kh1 Qh7
21. Qxe6+ Nbd7 22. Nf6
1-0

[Event "I slightly prefer Romney to Obama"]
[Site "SchemingMind.com"]
[Date "2012.11.11"]
[Round "-"]
[White "aplek"]
[Black "fourluxflakes"]
[Result "1-0"]
[WhiteCountry "POL"]
[BlackCountry "ENG"]
[WhiteElo "2355"]
[WhiteRD "112"]
[BlackElo "1957"]
[BlackRD "96"]
[GameID "320856"]

1. c4 e5 2. Nc3 Bb4 3. Nd5 Bc5 4. Nf3 c6 5. Nc3 d6 6. e3 Qe7 7. d4 exd4 8. Nxd4 Nf6 9. Be2 O-O 10. O-O Nbd7
11. b3 Ne5 12. h3 Be6 13. f4 Rad8 14. Qc2 Bxh3 15. gxh3 Ng6 16. Nf5
1-0

[Event "I slightly prefer Romney to Obama"]
[Site "SchemingMind.com"]
[Date "2012.11.11"]
[Round "-"]
[White "mapleleaf"]
[Black "fourluxflakes"]
[Result "1-0"]
[WhiteCountry "CAN"]
[BlackCountry "ENG"]
[WhiteElo "1990"]
[WhiteRD "91"]
[BlackElo "1777"]
[BlackRD "71"]
[GameID "320857"]

1. e4 Nf6 2. e5 Nd5 3. Nc3 Nxc3 4. dxc3 d6 5. Nf3 Bg4 6. Be2 Nc6 7. exd6 cxd6 8. Bf4 g6 9. Qd5 Bxf3 10. Bxf3 Bg7
11. h4 Rc8 12. O-O-O O-O 13. h5 Qc7 14. hxg6 hxg6 15. Be4 e5 16. Bg5 Ne7 17. Bxe7 Qxe7 18. Kb1 Qf6 19. Rd3 Rfd8 20. Rf3
1-0

[Event "I slightly prefer Romney to Obama"]
[Site "SchemingMind.com"]
[Date "2012.11.11"]
[Round "-"]
[White "bereolos"]
[Black "fourluxflakes"]
[Result "1-0"]
[WhiteCountry "USA"]
[BlackCountry "ENG"]
[WhiteElo "2230"]
[WhiteRD "95"]
[BlackElo "1951"]
[BlackRD "89"]
[GameID "320858"]

1. d4 c5 2. d5 f5 3. Nc3 Nf6 4. e4 fxe4 5. g4 d6 6. g5 Nfd7 7. Nxe4 g6 8. Qe2 Qc7 9. Bf4 Kf7 10. Nf3 Bg7
11. Nxd6+ exd6 12. Qe6+ Kf8 13. Bxd6+
1-0

[Event "I slightly prefer Romney to Obama"]
[Site "SchemingMind.com"]
[Date "2012.11.11"]
[Round "-"]
[White "Adrian Grajczak"]
[Black "fourluxflakes"]
[Result "1-0"]
[WhiteCountry "POL"]
[BlackCountry "ENG"]
[WhiteElo "2088"]
[WhiteRD "69"]
[BlackElo "1951"]
[BlackRD "89"]
[GameID "320859"]

1. g4 e5 2. Bg2 d5 3. d4 e4 4. c4 c6 5. Nc3 Ne7 6. Qb3 g6 7. Bg5 Qd6 8. cxd5 cxd5 9. Bxe7 Bxe7 10. Qxd5 Nc6
11. Qxd6 Bxd6 12. Nxe4 Bb4+ 13. Kd1 O-O 14. Nf3
1-0

[Event "I slightly prefer Romney to Obama"]
[Site "SchemingMind.com"]
[Date "2012.11.08"]
[Round "-"]
[White "dhlala"]
[Black "Ilang"]
[Result "1/2-1/2"]
[WhiteCountry "AUS"]
[BlackCountry "HUN"]
[WhiteElo "2268"]
[WhiteRD "102"]
[BlackElo "2368"]
[BlackRD "66"]
[GameID "320928"]

1. e4 c5 2. Ne2 Nf6 3. Nbc3 d6 4. d4 cxd4 5. Nxd4 a6 6. Be3 e5 7. Nb3 Be6 8. h3 Be7 9. Qf3 O-O 10. O-O-O b5
11. g4 b4 12. Nd5 Nxd5 13. exd5 Bd7 14. Bd3 Bb5 15. Qe2 Bxd3 16. Qxd3 Qc7 17. Rhg1 Nd7 18. Nd2 a5 19. Kb1 a4 20. g5 Qb7
21. h4 f5 22. gxf6 Nxf6 23. Ne4 Nxe4 24. Qxe4 b3 25. cxb3 axb3 26. a3 Qd7 27. h5 Ra4 28. Qd3 Bh4 29. Qxb3 Bxf2 30. Bxf2 Rxf2
31. Rdf1 Raf4 32. Rxf2 Rxf2 33. h6 g6 34. Ka2 Qc8 35. Rg3 Rf7 36. Rc3 Qf8 37. Rh3 Rc7= 38. Rf3 Rf7 39. Rxf7=
1/2-1/2

[Event "I slightly prefer Romney to Obama"]
[Site "SchemingMind.com"]
[Date "2012.11.08"]
[Round "-"]
[White "dhlala"]
[Black "chesshub"]
[Result "0-1"]
[WhiteCountry "AUS"]
[BlackCountry "FRA"]
[WhiteElo "2335"]
[WhiteRD "93"]
[BlackElo "2501"]
[BlackRD "70"]
[GameID "320929"]

1. e4 c5 2. Ne2 Nf6 3. e5 Nd5 4. g3 Nc6 5. Bg2 Nb6 6. d4 cxd4 7. Nxd4 Nxe5 8. b3 e6 9. Bb2 Bb4+ 10. Nd2 O-O
11. a3 Bc5 12. Qe2 f6 13. Ne4 Bxd4 14. Bxd4 d5 15. Rd1 Nf7 16. Nc3 Bd7 17. O-O Nc8 18. a4 Re8 19. f4 Ncd6 20. Nb5 Nf5
21. Bf2 a6 22. Na3 Qe7 23. Nb1 Rac8 24. Rfe1 Bc6 25. Nc3 Qc7 26. Qd3 N5d6 27. Ne2 e5 28. fxe5 Nxe5 29. Qd4 Qf7 30. Nc3 Ne4
31. Nxe4 dxe4 32. Bxe4 Qh5 33. Bxc6 bxc6 34. Kg2 Qf3+ 35. Kg1 c5 36. Qe4 Qxe4 37. Rxe4 Nf3+ 38. Kg2 Rxe4 39. Kxf3 Re5 40. Be3 c4
41. b4 Rce8 42. Bd4 Rf5+ 43. Kg4 Rd5 44. c3 h5+
0-1

[Event "I slightly prefer Romney to Obama"]
[Site "SchemingMind.com"]
[Date "2012.11.11"]
[Round "-"]
[White "dhlala"]
[Black "fourluxflakes"]
[Result "1-0"]
[WhiteCountry "AUS"]
[BlackCountry "ENG"]
[WhiteElo "2268"]
[WhiteRD "102"]
[BlackElo "1956"]
[BlackRD "101"]
[GameID "320930"]

1. e4 Nf6 2. e5 Nd5 3. d4 d6 4. Nf3 Bg4 5. Be2 c6 6. O-O Bxf3 7. Bxf3 dxe5 8. dxe5 e6 9. Nd2 Nd7 10. Re1 Qc7
11. Nc4 N7b6 12. Qd4 Nxc4 13. Qxc4
1-0

[Event "I slightly prefer Romney to Obama"]
[Site "SchemingMind.com"]
[Date "2012.11.08"]
[Round "-"]
[White "dhlala"]
[Black "smothered mate"]
[Result "1-0"]
[WhiteCountry "AUS"]
[BlackCountry "POL"]
[WhiteElo "2335"]
[WhiteRD "93"]
[BlackElo "1971"]
[BlackRD "63"]
[GameID "320931"]

1. e4 c5 2. Ne2 Nf6 3. Nbc3 d6 4. g3 Nc6 5. Bg2 g6 6. d4 cxd4 7. Nxd4 Bg7 8. Nxc6 bxc6 9. e5 dxe5 10. Qxd8+ Kxd8
11. Bxc6 Rb8 12. O-O Kc7 13. Ba4 Ba6 14. Re1 Rhd8 15. Rxe5 e6 16. Bf4 Kb7 17. Rc5 Rbc8 18. Rxc8 Kxc8 19. Nb5 Bxb5 20. Bxb5 Rd5
21. Ba6+ Kd7 22. c4 Rd4 23. Be3 Rd6 24. Bb5+ Kc8 25. Bxa7 Ne4 26. c5 Rd2 27. Re1 Ng5 28. Kg2 Bxb2 29. h4 Bd4 30. hxg5 Rxf2+
31. Kh3 Rxa2 32. Bb6 Ra3 33. Be8 Bf2 34. Rf1 Bxg3 35. Bxf7 e5 36. Rf6 e4 37. Be6+ Kb7 38. Bd5+ Kc8 39. Bxe4 Be5+ 40. Rf3 Ra2
41. c6 Rh2+ 42. Kg4 Rg2+ 43. Kh4 Rh2+ 44. Rh3
1-0

[Event "I slightly prefer Romney to Obama"]
[Site "SchemingMind.com"]
[Date "2012.11.08"]
[Round "-"]
[White "dhlala"]
[Black "aperturaf"]
[Result "0-1"]
[WhiteCountry "AUS"]
[BlackCountry "ESP"]
[WhiteElo "2313"]
[WhiteRD "95"]
[BlackElo "2378"]
[BlackRD "95"]
[GameID "320932"]

1. e4 e6 2. d4 d5 3. Nc3 Nf6 4. e5 Nfd7 5. Nf3 c5 6. Nb5 a6 7. Nd6+ Bxd6 8. exd6 O-O 9. c3 cxd4 10. cxd4 Nf6
11. Bf4 Nh5 12. Be3 Qxd6 13. Rc1 Nf6 14. Bd3 Bd7 15. O-O Nc6 16. a3 Rfc8 17. Re1 Na5 18. Ne5 Rxc1 19. Bxc1 Bb5 20. Bb1 Rc8
21. Bd2 Nc4 22. Nxc4 dxc4 23. Bc3 Nd5 24. Qh5 h6 25. Qe5 Qxe5 26. Rxe5 Bc6 27. Bc2 Kf8 28. Bd2 Ke7 29. f3 b6 30. Re1 Bd7
31. h4 a5 32. Kf2 Nc7 33. Be4 Nb5 34. Bc3 Kd6 35. Ke3 Bc6 36. Kf4 Rg8 37. h5 Nc7 38. g4 Rc8 39. Kg3 f6 40. Bg6= Nb5
41. Bf7 Rf8 42. Bg6 Bd5 43. Be4 Nxc3 44. bxc3 Rb8 45. a4 Bxe4 46. fxe4 b5 47. axb5 Rxb5 48. Ra1 Rb3 49. Rxa5 Rxc3+ 50. Kf4 Rd3
51. e5+ fxe5+ 52. dxe5+ Kc6
0-1

[Event "I slightly prefer Romney to Obama"]
[Site "SchemingMind.com"]
[Date "2012.11.08"]
[Round "-"]
[White "dhlala"]
[Black "aplek"]
[Result "0-1"]
[WhiteCountry "AUS"]
[BlackCountry "POL"]
[WhiteElo "2306"]
[WhiteRD "98"]
[BlackElo "2416"]
[BlackRD "96"]
[GameID "320933"]

1. e4 e6 2. d4 d5 3. Nc3 Nf6 4. e5 Nfd7 5. f4 c5 6. Nf3 Nc6 7. Be3 a6 8. Qd2 b6 9. Be2 Bb7 10. O-O Be7
11. Nd1 cxd4 12. Nxd4 O-O 13. a3 Qc7 14. b4 b5 15. g4 Rac8 16. c3 Nxd4 17. cxd4 Nb6 18. g5 Nc4 19. Qd3 a5 20. Bd2 Ra8
21. bxa5 Nxd2 22. Qxd2 Rxa5 23. Rb1 Rxa3 24. Bxb5 Rfa8 25. Ne3 Bd8 26. h4 g6 27. Rfc1 Qe7 28. h5 Ba5 29. Qe2 Bb6 30. Qd2 gxh5
31. Rc2 Ra1 32. Rb2 Rxb1+ 33. Rxb1 Ba6 34. Bxa6 Rxa6 35. Qd1 Kg7 36. Kg2 Qa3 37. Qd2 Ba5 38. Qe2 Rb6 39. Rxb6 Bxb6 40. Qd2 Qa1
41. Nc2 Ba5
0-1

[Event "I slightly prefer Romney to Obama"]
[Site "SchemingMind.com"]
[Date "2012.11.13"]
[Round "-"]
[White "dhlala"]
[Black "mapleleaf"]
[Result "1-0"]
[WhiteCountry "AUS"]
[BlackCountry "CAN"]
[WhiteElo "2306"]
[WhiteRD "98"]
[BlackElo "1990"]
[BlackRD "91"]
[GameID "320934"]

1. e4 c5 2. Ne2 d6 3. d4 cxd4 4. Nxd4 Nf6 5. Nc3 Nc6 6. f3 e5 7. Nb3 h6 8. Be3 Be6 9. Nd5 Bxd5 10. exd5 Nb4
11. Bb5+ Nd7 12. Qd2 a5 13. a3 Na6 14. Nxa5 Nc5 15. b4 Rxa5 16. bxa5 Be7 17. Bxc5 dxc5 18. d6 Bg5 19. Bxd7+ Qxd7 20. Qd5 O-O
21. O-O Be3+ 22. Kh1 Re8 23. Rab1 Re6 24. Qxb7 Qxd6 25. Qa8+ Kh7 26. Qe4+
1-0

[Event "I slightly prefer Romney to Obama"]
[Site "SchemingMind.com"]
[Date "2012.11.08"]
[Round "-"]
[White "dhlala"]
[Black "bereolos"]
[Result "1-0"]
[WhiteCountry "AUS"]
[BlackCountry "USA"]
[WhiteElo "2335"]
[WhiteRD "93"]
[BlackElo "2137"]
[BlackRD "84"]
[GameID "320935"]

1. e4 e5 2. Nf3 Nc6 3. Bb5 a6 4. Bxc6 dxc6 5. O-O f6 6. d4 Bg4 7. c3 Bd6 8. h3 Bh5 9. Re1 Ne7 10. Be3 O-O
11. Nbd2 Kh8 12. dxe5 fxe5 13. c4 c5 14. Bg5 Qe8 15. Bxe7 Qxe7 16. Qb3 b6 17. a4 a5 18. Ra3 Rf6 19. Nh2 Raf8 20. Ndf3 Bxf3
21. Nxf3 Rxf3 22. gxf3 Qh4 23. Kg2 Rf6 24. Qd3 Rg6+ 25. Kf1 Qxh3+ 26. Ke2 Qh2 27. Qd5 h6 28. Raa1 Rg2 29. Rf1 Qf4 30. Rg1 Rxg1
31. Rxg1 Qf6 32. Qa8+ Qf8 33. Qxf8+ Bxf8 34. Rd1 Bd6 35. Rd5 g5 36. f4 gxf4 37. Kf3 Kg7 38. Rd1
1-0

[Event "I slightly prefer Romney to Obama"]
[Site "SchemingMind.com"]
[Date "2012.11.08"]
[Round "-"]
[White "dhlala"]
[Black "Adrian Grajczak"]
[Result "1-0"]
[WhiteCountry "AUS"]
[BlackCountry "POL"]
[WhiteElo "2306"]
[WhiteRD "98"]
[BlackElo "2087"]
[BlackRD "72"]
[GameID "320936"]

1. e4 d6 2. d4 Nf6 3. Nc3 e5 4. dxe5 dxe5 5. Qxd8+ Kxd8 6. Nf3 Bd6 7. Be3 Ke7 8. h3 h6 9. Bc4 Be6 10. Bxe6 Kxe6
11. O-O-O a6 12. a3 Nc6 13. Kb1 g5 14. Rd3 Nh5 15. g3 Ng7 16. g4 f6 17. Nd5 h5 18. Rhd1 hxg4 19. hxg4 Rh3 20. Bxg5 Ne8
21. Bh4 Rd8 22. Nd4+ Nxd4 23. Rxh3
1-0

[Event "I slightly prefer Romney to Obama"]
[Site "SchemingMind.com"]
[Date "2012.11.08"]
[Round "-"]
[White "Ilang"]
[Black "dhlala"]
[Result "0-1"]
[WhiteCountry "HUN"]
[BlackCountry "AUS"]
[WhiteElo "2369"]
[WhiteRD "75"]
[BlackElo "2234"]
[BlackRD "101"]
[GameID "320937"]

1. d4 Nf6 2. c4 e5 3. dxe5 Ng4 4. Bf4 g5 5. Bg3 Bg7 6. Nf3 Nc6 7. Nc3 Ngxe5 8. Nxe5 Nxe5 9. e3 d6 10. h4 g4
11. Qc2 Be6 12. h5 h6 13. O-O-O Qd7 14. c5 O-O 15. Bb5 Qe7 16. Bh4 f6 17. cxd6 cxd6 18. Kb1 Rac8 19. Qd2 a6 20. Qxd6 Qf7
21. Be2 Nc4 22. Bxc4 Rxc4 23. Rd2 Rfc8 24. Rhd1 R8c6 25. Qb8+ Kh7 26. Bg3 Rxc3 27. bxc3 Rxc3 28. Re1 Bxa2+ 29. Rxa2 Qc4 30. Qd6 Qe4+
31. Ka1 Rc6
0-1

[Event "I slightly prefer Romney to Obama"]
[Site "SchemingMind.com"]
[Date "2012.11.08"]
[Round "-"]
[White "chesshub"]
[Black "dhlala"]
[Result "1/2-1/2"]
[WhiteCountry "FRA"]
[BlackCountry "AUS"]
[WhiteElo "2436"]
[WhiteRD "75"]
[BlackElo "2298"]
[BlackRD "104"]
[GameID "320938"]

1. d4 Nf6 2. c4 e5 3. dxe5 Ng4 4. Bf4 Nc6 5. Nf3 Bb4+ 6. Nbd2 Qe7 7. e3 Ngxe5 8. Nxe5 Nxe5 9. Be2 O-O 10. O-O a5
11. Nb3 d6 12. a3 Bc5 13. Nxc5 dxc5 14. Qc2 Bd7 15. Qe4 Rfe8 16. Qxb7 Bc6 17. Qb3 Ng6 18. Bg3 Nh4 19. Bxh4 Qxh4 20. Qc3 a4
21. Rae1 Re6 22. Bd1 Rae8 23. e4 Bxe4 24. Bxa4 Bxg2 25. Kxg2=
1/2-1/2

[Event "I slightly prefer Romney to Obama"]
[Site "SchemingMind.com"]
[Date "2012.11.12"]
[Round "-"]
[White "fourluxflakes"]
[Black "dhlala"]
[Result "0-1"]
[WhiteCountry "ENG"]
[BlackCountry "AUS"]
[WhiteElo "1951"]
[WhiteRD "89"]
[BlackElo "2298"]
[BlackRD "104"]
[GameID "320939"]

1. Nc3 e5 2. Nf3 Nc6 3. d4 exd4 4. Nxd4 Nf6 5. Bg5 Bc5 6. e3 O-O 7. Nxc6 bxc6 8. Bd3 h6 9. Bh4 d5 10. O-O Bd6
11. Bg3 Bxg3 12. hxg3 Qd6 13. Be2 Bf5 14. Bf3 Ne4 15. Nxe4 Bxe4 16. Bxe4 dxe4 17. Qe2 Rfd8 18. Rfd1 Qe6
0-1

[Event "I slightly prefer Romney to Obama"]
[Site "SchemingMind.com"]
[Date "2012.11.08"]
[Round "-"]
[White "smothered mate"]
[Black "dhlala"]
[Result "0-1"]
[WhiteCountry "POL"]
[BlackCountry "AUS"]
[WhiteElo "1971"]
[WhiteRD "63"]
[BlackElo "2335"]
[BlackRD "93"]
[GameID "320940"]

1. e4 e5 2. Nf3 Nc6 3. Bc4 Nf6 4. d4 d6 5. Nc3 Bg4 6. d5 Ne7 7. h3 Bd7 8. Bg5 Ng6 9. Qd2 Be7 10. O-O-O h6
11. Be3 O-O 12. g4 c5 13. g5 hxg5 14. Nxg5 a6 15. h4 b5 16. h5 Nf4 17. Bxf4 exf4 18. h6 g6 19. Bd3 Ng4 20. h7+ Kh8
21. Nf3 c4 22. Bf1 b4 23. Ne2 c3 24. Qxf4 Nxf2 25. Bg2 g5 26. Qe3 Nxd1 27. Rxd1 Bf6 28. b3 Bb5 29. Nfd4 Qb6 30. Qf3 Bg7
31. Kb1 a5 32. a4 bxa3 33. Nxb5 Qxb5 34. Nxc3 Qb4 35. Na2 Qc5 36. Bf1 Rab8 37. Bc4 Qxc4
0-1

[Event "I slightly prefer Romney to Obama"]
[Site "SchemingMind.com"]
[Date "2012.11.09"]
[Round "-"]
[White "aperturaf"]
[Black "dhlala"]
[Result "0-1"]
[WhiteCountry "ESP"]
[BlackCountry "AUS"]
[WhiteElo "2310"]
[WhiteRD "100"]
[BlackElo "2343"]
[BlackRD "102"]
[GameID "320941"]

1. e4 e5 2. Nf3 Nc6 3. Bb5 a6 4. Bxc6 dxc6 5. O-O f6 6. d4 Bg4 7. c3 Bd6 8. h3 Bh5 9. Nbd2 Qe7 10. dxe5 fxe5
11. a4 Nf6 12. Re1 O-O 13. Nf1 Nd7 14. Qb3+ Kh8 15. Bg5 Qf7 16. Qxf7 Bxf7 17. Be3 a5 18. N1d2 b5 19. b3 Nb6 20. Nh4 g6
21. Nhf3 bxa4 22. bxa4 Nc4 23. Nxc4 Bxc4 24. Nd2 Bd3 25. c4 Bb4 26. Rec1 Kg7 27. f3 Rfd8 28. Kf2 Rab8 29. Nb3 Kf6 30. h4 Rd7
31. Ra2 Ke6 32. Kg1 h5 33. Nc5+ Bxc5 34. Bxc5 Rb1 35. Rxb1 Bxb1 36. Rb2 Rd1+ 37. Kf2 Bd3 38. Rb7 Bxc4 39. Rxc7 Rd2+ 40. Kg1 Rd1+
41. Kh2 Bf1 42. Rxc6+ Kf7 43. Rc7+ Ke6 44. Bf2 Ra1 45. Rc6+ Kf7 46. Bg3 Rxa4 47. Rc1 Bd3 48. Bxe5 Rc4 49. Rd1 Rc5 50. Rxd3 Rxe5
51. Rd4 Ke7 52. Kg3 Rb5 53. Kf4 Rb2 54. g3 Rb5 55. e5 Rb6
0-1

[Event "I slightly prefer Romney to Obama"]
[Site "SchemingMind.com"]
[Date "2012.11.09"]
[Round "-"]
[White "aplek"]
[Black "dhlala"]
[Result "1/2-1/2"]
[WhiteCountry "POL"]
[BlackCountry "AUS"]
[WhiteElo "2416"]
[WhiteRD "96"]
[BlackElo "2306"]
[BlackRD "98"]
[GameID "320942"]

1. c4 g6 2. Nc3 Bg7 3. g3 c5 4. Bg2 Nc6 5. a3 Nf6 6. Rb1 O-O 7. b4 d6 8. d3 cxb4 9. axb4 a6 10. Bd2 Bd7
11. b5 axb5 12. Nxb5 Ne8 13. Nc3 Nc7 14. Rxb7 Ra3 15. Qc1 Qa8 16. Rb1 Ne6 17. Nd5 Ned4 18. Nf3 Nb3 19. Qd1 Nxd2 20. Nxd2 Qa5
21. O-O Rd8 22. Ne4 Kf8 23. Qe1 Qxe1 24. Rfxe1 Na5 25. Nc7 Ra2 26. c5 dxc5 27. Nxc5 Bf5 28. Bf3 Be5 29. N7a6 Kg7 30. Kg2 h5
31. Rb5 Ra3 32. Be4 Bc8 33. Nb4 Bd6 34. Nc2 Rc3 35. d4 Bxc5 36. Rxc5 Rxc5 37. dxc5 Bd7 38. Nb4 Rc8 39. Rd1 Bb5 40. Ra1 Nb3
41. Ra7 Rxc5 42. Rxe7 Rc4 43. Nd5 Rxe4 44. Rxe4 Bc6 45. Rb4 Bxd5+ 46. e4 Be6 47. Kf3 Kf6 48. Ke3 Nc5 49. Rb5 Nd7 50. f4 Bc4
51. Ra5 Bb3 52. Kd4 Be6=
1/2-1/2

[Event "I slightly prefer Romney to Obama"]
[Site "SchemingMind.com"]
[Date "2012.11.13"]
[Round "-"]
[White "mapleleaf"]
[Black "dhlala"]
[Result "0-1"]
[WhiteCountry "CAN"]
[BlackCountry "AUS"]
[WhiteElo "1975"]
[WhiteRD "96"]
[BlackElo "2298"]
[BlackRD "104"]
[GameID "320943"]

1. d4 Nf6 2. c4 e5 3. dxe5 Ng4 4. Bf4 Nc6 5. Nf3 Bb4+ 6. Nc3 Qe7 7. Qd5 f6 8. exf6 Nxf6 9. Qd3 d6 10. g3 Ne4
11. Bd2 Bxc3 12. Bxc3 O-O 13. Bg2 Bf5 14. Qd5+ Kh8 15. e3 Nxc3
0-1

[Event "I slightly prefer Romney to Obama"]
[Site "SchemingMind.com"]
[Date "2012.11.08"]
[Round "-"]
[White "bereolos"]
[Black "dhlala"]
[Result "0-1"]
[WhiteCountry "USA"]
[BlackCountry "AUS"]
[WhiteElo "2137"]
[WhiteRD "84"]
[BlackElo "2335"]
[BlackRD "93"]
[GameID "320944"]

1. d4 Nf6 2. c4 e5 3. dxe5 Ng4 4. Bf4 Nc6 5. Nf3 Bb4+ 6. Nbd2 Qe7 7. e3 Ngxe5 8. Nxe5 Nxe5 9. Be2 O-O 10. O-O a5
11. a3 Bxd2 12. Qxd2 d6 13. b4 f6 14. bxa5 Nd7 15. a6 Nc5 16. axb7 Bxb7 17. Qc3 Bc6 18. Rfe1 g5 19. Bg3 Ne4 20. Qd4 Kg7
21. f3 Nxg3 22. hxg3 Ra5 23. Kf2 Rfa8 24. Qd3 Be8 25. Rec1 Bg6 26. e4 Qe5 27. Rc3 Rb8 28. Rd1 Rc5 29. Qe3 Bf7= 30. Qd4 Rb2
31. Qxe5 fxe5 32. Ke3 Be8 33. Rd5 Kf6 34. Rxc5 dxc5 35. g4 Ba4 36. Rd3 Ra2
0-1

[Event "I slightly prefer Romney to Obama"]
[Site "SchemingMind.com"]
[Date "2012.11.08"]
[Round "-"]
[White "Adrian Grajczak"]
[Black "dhlala"]
[Result "0-1"]
[WhiteCountry "POL"]
[BlackCountry "AUS"]
[WhiteElo "2078"]
[WhiteRD "71"]
[BlackElo "2268"]
[BlackRD "102"]
[GameID "320945"]

1. g4 e5 2. Bg2 d5 3. d4 exd4 4. Qxd4 Be6 5. Nc3 Nc6 6. Qa4 a6 7. g5 Bb4 8. Kf1 Ne7 9. Bf4 b5 10. Nxb5 axb5
11. Qxb5 Bf5
0-1